| 000 | 01850nam0a2200313 4500 | ||
|---|---|---|---|
| 001 | RU\NLR\bibl\1277852 | ||
| 005 | 20260607041641.0 | ||
| 021 |
_aRU _b2008-60842 _93424 |
||
| 035 | _a(NLR Aleph) 001263657 | ||
| 090 |
_a394956 _c394956 |
||
| 100 | _a20080925d2008 |||y0rusy50 ca | ||
| 101 | 0 | _arus | |
| 102 | _aRU | ||
| 105 | _aa ||||||||| | ||
| 200 | 1 |
_aОни создавали ИНЖЭКОН _eсборник очерков _fФедер. агентство по образованию, Гос. образоват. учреждение высш. проф. образования "Санкт-Петерб. гос. инж.-экон. ун-т" _gпод общ. ред. Засл. деят. науки РФ, д.э.н., проф. А.И. Михайлушкина |
|
| 210 |
_aСанкт-Петербург _cСПбГИЭУ _d2008 |
||
| 215 |
_a139 с. _cил., портр. _d25 |
||
| 601 | 0 | 2 |
_aСанкт-Петербургский государственный инженерно-экономический университет _xИстория _92359298 _3RU\NLR\auth\661408984 |
| 601 | 0 | 2 |
_aСанкт-Петербургский государственный инженерно-экономический университет _xПрофессора и преподаватели _92542951 _3RU\NLR\auth\661505314 |
| 686 | _aЧ489.34(2)7г | ||
| 686 | _aЧ489.314.21 | ||
| 702 | 1 |
_4340 _7ca _8rus _aМихайлушкин _bА. И. _f1941- _gАлександр Иванович _92614 _3RU\NLR\auth\7719542 |
|
| 712 | 0 | 2 |
_4570 _aСанкт-Петербургский государственный инженерно-экономический университет _9562226 _3RU\NLR\AUTH\8810031811 |
| 801 | 0 |
_aRU _bNLR _c20080925 _gRCR |
|
| 801 | 1 |
_aRU _bNLR _c20080925 |
|
| 830 | _aРед. по кн. | ||
| 942 | _cBOOK | ||
| 980 | _aNB | ||